00000000nam 2200000zi 4500
0019.944351
003CaOODSP
00520250526100824
006m     o  d f      
007cr mn|||||||||
008241022e202411##onc     ob   f100 0 fre d
020 |a9780660741093
040 |aCaOODSP|bfre|erda|cCaOODSP
043 |an-cn-nf|aln-----
0861 |aFs70-4/2024-045F-PDF
24500|aCompte rendu de l'examen régional par les pairs pour l'évaluation capelan des divisions 2J+3KL et l'évaluation des points de référence limites proposés : |bdates de la réunion, du 6 au 10 mars 2023 : endroit, virtuelle / |cprésidentes, Nadine Wells et Elizabeth Coughlin ; rapporteur, Aimee Kinsella.
264 1|aOttawa (Ontario) : |bSecrétariat canadien de consultation scientifique (SCCS), |cnovembre 2024.
264 4|c©2024
300 |a1 ressource en ligne (v, 22 pages).
336 |atexte|btxt|2rdacontent/fre
337 |ainformatique|bc|2rdamedia/fre
338 |aressource en ligne|bcr|2rdacarrier/fre
4901 |aCompte rendu, |x2292-4264 ; |v2024/045
500 |aPublié aussi en anglais sous le titre : Proceedings of the regional peer review for the assessment of Divisions 2J+3KL capelin and evaluation of proposed limit reference points: meeting dates, March 6-10, 2023: location, virtual.
504 |aComprend des références bibliographiques.
520 |a« Le processus d'examen régional par les pairs sur la situation du capelan (Mallotus villosus) et l'évaluation des points de référence limites proposés s'est tenu sous la forme d’une réunion hybride du 6 au 10 mars 2023. Il avait pour objet d'évaluer l'état du stock de capelan dans les divisions 2J3KL de l'Organisation des pêches de l'Atlantique Nord-Ouest (OPANO), ainsi que les points de référence limites (PRL) proposés. Le présent compte rendu comprend un résumé et un sommaire des discussions pour chaque exposé, ainsi qu'une liste de recommandations de recherche. Le cadre de référence de la réunion, l'ordre du jour et la liste des participants sont joints en annexe. … » -- Sommaire, page v.
650 6|aCapelan|zTerre-Neuve-et-Labrador|zAtlantique, Côte de l'|vCongrès.
650 6|aCapelan|xPêche commerciale|zTerre-Neuve-et-Labrador|zAtlantique, Côte de l'|xGestion|vCongrès.
650 6|aRessources halieutiques|xÉvaluation|zTerre-Neuve-et-Labrador|zAtlantique, Côte de l'|vCongrès.
655 7|aActes de congrès|2rvmgf
7001 |aWells, N. J.
7102 |aSecrétariat canadien de consultation scientifique, |eorganisme de publication.
7101 |aCanada. |bMinistère des pêches et des océans. |bRégion de Terre-Neuve et du Labrador, |eorganisme de publication.
77508|tProceedings of the regional peer review for the assessment of Divisions 2J+3KL capelin and evaluation of proposed limit reference points : |w(CaOODSP)9.944350
830#0|aCompte rendu (Secrétariat canadien de consultation scientifique)|v2024/045.|w(CaOODSP)9.502879
85640|qPDF|s442 Ko|uhttps://publications.gc.ca/collections/collection_2025/mpo-dfo/fs70-4/Fs70-4-2024-045-fra.pdf